[Event "Stay Safe Play From Home 200"]
[Site "T#646566Emanuel Laske"]
[Date "2020.06.04"]
[Round "2"]
[White "Castlingarrocco"]
[Black "Mepe_Nika"]
[Result "0-1"]
[WhiteElo "1997"]
[BlackElo "2310"]
[Annotator "TA"]
[PlyCount "102"]
[EventDate "2020.06.04"]
[EventType "swiss (blitz)"]

{[%evp 9,102,13,20,10,19,10,12,0,-5,-19,28,18,7,-46,-27,-122,-112,-130,-76,-119,-84,-112,-88,-93,-63,-557,-573,-555,-352,-564,-506,-514,-492,-547,-435,-581,-572,-970,-938,-900,-560,-873,-666,-681,-663,-674,-662,-671,-643,-1676,-1457,-3770,-4272,-6025,-6025,-5936,29998,-5720,0,0,0,0,0,0,0,-585,666,0,0,0,0,-159,618,-29992,-29993,-29993,-29994,-29994,-29992,-29994,-29993,-29994,-29994,-29995,-29994,-29995,-29995,-29998,-29996,-29996,-29996,-29996,0,-29995,-29994]} 1. Nc3 g6 2. g3 Bg7 3. Bg2 d6 4. d4 Nc6 5. e3 {[#]} Bd7 $146 ({Predecessor:} 5... Nf6 6. Nge2 Bd7 7. Bd2 e5 8. O-O O-O 9. h3 Ne8 10. d5 Ne7 11. e4 b5 {0-1 (58) Hickey,G-Hahn,D Lansing 1989}) 6. Nf3 {A00: Irregular Openings.} Qc8 7. h3 Nf6 8. g4 {The position is equal.} O-O 9. Qe2 e5 10. dxe5 $1 dxe5 11. e4 ({Better is} 11. Bd2 $11) 11... Nd4 $36 {[%mdl 2048] Black fights for an advantage.} 12. Nxd4 (12. Qd2 $11) 12... exd4 $17 13. Nd1 c5 (13... Qe8 $142 14. c4 Bc6) 14. O-O Re8 15. e5 Bc6 16. f4 Nd5 17. Qf3 $2 {[%mdl 8192] [#]} ({White should try} 17. c4 $15 Nb6 18. g5) 17... Ne3 $1 $19 {[%mdl 576] Double Attack} 18. Qg3 (18. Bxe3 Bxf3) 18... Nxf1 19. Kxf1 $2 (19. Bxf1 f6 20. exf6 Bxf6 21. Bd2) 19... Bxg2+ 20. Qxg2 f6 21. exf6 Bxf6 {White must now prevent ...Qe6.} 22. Nf2 Qe6 {[%csl Ge8][%cal Re6e1]} 23. Qxb7 Qe2+ 24. Kg2 Rad8 {Threatens to win with ...Bh4.} 25. Qf3 Qxc2 {aiming for ...Bh4.} 26. f5 g5 27. h4 h6 28. hxg5 hxg5 29. b3 d3 30. Be3 Bxa1 31. f6 {[#]} Rxe3 $1 32. Qxe3 Kf8 $4 {[%mdl 8192]} (32... Bxf6 $19 33. Qe4 {[#]} Qxf2+ $1 {[%mdl 576] Promotion} 34. Kxf2 d2 35. Qg6+ Bg7) 33. Qe6 $4 {[%mdl 8192]} (33. Qe7+ {was the only winning move.} Kg8 34. Qg7#) 33... Bxf6 $2 (33... Qe2 $19 34. Qe4 Qxe4+ 35. Nxe4 d2) 34. Qxf6+ {[%mdl 4160] Endgame Double Attack. KQR-KQN} Ke8 35. Qe6+ Kf8 {Hoping for ...Qe2.} 36. Qf6+ {[%mdl 64] Double Attack} Ke8 {...Rd4 is the strong threat.} 37. Qxg5 $2 {[%mdl 8192]} (37. Qe6+ $11 {and White stays safe.} Kf8 38. Qf6+) 37... Kf8 $4 {[%mdl 8192]} (37... d2 $19 38. Qe5+ Kd7) 38. Qf5+ $2 (38. Qxd8+ $18 Kg7 39. Qg5+ Kf8 40. Qf5+ Kg7 41. Kg3) 38... Ke8 39. Qe6+ Kf8 40. Kg3 $2 (40. Qf6+ $11 Ke8 41. Qe6+ Kf8 42. Qf6+ Ke8 43. Qe6+) 40... Kg7 $2 (40... Qc3 $17 41. Qf5+ Ke7 42. Qh7+ Ke8 43. Qg6+ Kd7 44. Qxd3+ Qxd3+ 45. Nxd3 Kc6 46. Ne5+ Kd5) 41. Qf6+ $4 {[%mdl 8192]} (41. Qe7+ $18 Kg6 42. Qxd8) 41... Kxf6 42. Ne4+ Kg7 43. g5 Kg8 44. Kf4 Kh8 45. Nf6 Kg7 46. Kf5 {[#]} Rf8 $1 47. Kg4 Rxf6 48. Kh5 {[#]} Kf8 $1 49. gxf6 Kf7 50. Kg5 Kf8 $2 (50... Qf2 {mates} 51. b4 d2 52. Kh5 d1=Q+ {[%mdl 64] Discovered Attack} 53. Kh6 Qh4#) 51. Kf5 $2 {[%mdl 8192]} (51. Kh5 $11 Qg2 52. Kh6 d2 53. Kh7 d1=Q 54. Kh8 Qh5#) 51... Ke8 {Never resign too early! Accuracy: White = 39%, Black = 50%.} 0-1

[Event "Stay Safe Play From Home 200"]
[Site "T#646566Emanuel Laske"]
[Date "2020.06.04"]
[Round "2"]
[White "Lazieri3"]
[Black "SoulofWolf"]
[Result "0-1"]
[WhiteElo "1973"]
[BlackElo "2116"]
[Annotator "TA"]
[PlyCount "80"]
[EventDate "2020.06.04"]
[EventType "swiss (blitz)"]

{[%evp 11,80,5,31,0,0,-35,-21,-97,-20,-31,-16,-43,-8,-27,-30,-54,-39,-54,-50,-61,-61,-87,-89,-91,-93,-93,-9,-20,-6,-78,-77,-103,-101,-113,12,-57,0,-58,-61,-171,-139,-271,-247,-229,-197,-180,-91,-105,-85,-99,-54,-42,0,0,0,0,0,0,57,0,305,-464,-437,-29988,-29989,-29995,-1331,-1173,0,-73,-80]} 1. e3 d6 2. d4 Nf6 3. c4 g6 4. Nc3 Bg7 5. Nf3 O-O 6. Bd3 Nbd7 7. b3 {E61: King's Indian: Early deviations for White, including Smyslov System.} e5 {[#]} 8. dxe5 $146 ({Predecessor:} 8. O-O Re8 9. Qc2 Qe7 10. Nd2 Nh5 11. Bb2 c6 12. Rae1 f5 13. d5 Ndf6 14. f4 Bd7 15. c5 cxd5 16. cxd6 Qxd6 17. fxe5 Rxe5 {0-1 (25) Amil Meilan,H (2131)-Casafus,R (2338) Buenos Aires 2012}) 8... dxe5 {And now ...e4! would win.} 9. Ne4 (9. Ba3 $11) 9... Ng4 (9... Nxe4 $17 10. Bxe4 Nc5 11. Qxd8 Rxd8) 10. h3 $11 Nh6 {Strongly threatening ...f5.} 11. Bb2 Re8 {White must now prevent ...f5.} 12. Bc2 f5 13. Ng3 Nf7 14. O-O Qe7 15. Qe2 b6 16. Rfd1 Bb7 17. e4 f4 18. Nf1 g5 (18... c5 $17) 19. N3h2 Nh6 20. f3 (20. Rac1 $11) 20... Nc5 $17 21. Ng4 Nxg4 22. hxg4 Qf7 (22... a5 $17 23. Ba3 Bf8) 23. Nd2 (23. b4 $11 Ne6 24. c5) 23... h5 (23... a5 $15) 24. gxh5 (24. b4 $1 $11 Ne6 25. c5) 24... Qxh5 $15 25. Qf2 (25. b4 $15 Bf8 26. Nf1) 25... Kf7 26. Nb1 (26. b4 $17 {was necessary.} Ne6 27. Nb3) 26... Rh8 $19 {[%csl Gh8][%cal Rh5h1]} 27. Kf1 Ba6 28. Nc3 c6 (28... Rag8 $19 {Hoping for ...g4.} 29. Ke2 g4) 29. Rd6 $17 Rac8 30. Rad1 Rc7 31. Ba3 $1 {[%cal Ra3c5]} Bf8 32. Bxc5 bxc5 33. Rd7+ (33. Qxc5 $2 g4 $17) 33... Rxd7 34. Rxd7+ Ke8 (34... Kg8 $11) 35. Qd2 ({White should play} 35. Rxa7 $14 Bc8 36. Ra8 Qh1+ 37. Qg1) 35... Be7 $2 {[%mdl 8192]} (35... Qh1+ $11 36. Kf2 Rh2 37. Rd8+ Kf7 38. Qd7+ {[%mdl 64] Double Attack} Be7 39. Qf5+ {[%mdl 64] Double Attack} Kg7 $1 {[%mdl 512]} 40. Qxe5+ {[%mdl 64] Double Attack} Kf7 $1 {[%mdl 512]} 41. Qf5+ Kg7 $1 {[%mdl 512]} 42. Qe5+ {[%mdl 64] Double Attack} Kf7 $1 {[%mdl 512]} 43. Qf5+ Kg7 $1 {[%mdl 512]} 44. Qe5+ {[%mdl 64] Double Attack}) 36. Rxe7+ $4 {[%mdl 8192]} ({Weaker is} 36. Rxa7 Qh1+ 37. Kf2 Bc8 $15) (36. Rc7 $1 $18 {is the narrow road to win. Intending Qd7+! and mate.} Kf8 37. Qd7 $1 {[%mdl 576] Double Attack}) 36... Kxe7 $19 37. Na4 (37. Nd5+ $19 cxd5 38. Qxd5 Qh1+ 39. Kf2) 37... Qh1+ 38. Kf2 {[#]} Qh4+ (38... Rh2 $142 $1 39. Qd7+ {[%mdl 64] Decoy} Kxd7 40. Nb6+ axb6 41. Ke2 Qxg2+ 42. Ke1 Rh1#) 39. Ke2 Rh6 $2 (39... Qh2 $19 40. Bd3 Qg1) 40. Nxc5 {[#]} (40. Qa5 $11) 40... Bc8 $1 {Accuracy: White = 39%, Black = 49%.} 0-1

[Event "Stay Safe Play From Home 200"]
[Site "T#646566Emanuel Laske"]
[Date "2020.06.04"]
[Round "2"]
[White "Greblah"]
[Black "Tobo Rubirosa"]
[Result "1-0"]
[WhiteElo "1944"]
[BlackElo "1435"]
[Annotator "TA"]
[PlyCount "35"]
[EventDate "2020.06.04"]
[EventType "swiss (blitz)"]

{[%evp 18,35,31,26,58,35,47,22,135,72,70,66,113,45,68,68,441,33,1549,1536]} 1. e4 c5 2. Nc3 d6 3. g3 Nc6 4. Bg2 e6 5. d3 g6 6. Be3 Bg7 7. Qd2 Nge7 8. Bh6 Bxh6 9. Qxh6 Nd4 10. O-O-O Qa5 {B26: Closed Sicilian: 3 g3, lines with early Be3.} 11. Kb1 (11. Qg7 $5 {[%cal Rg7h8]} Rf8 12. Nh3 $14 (12. Qxh7 b5 $11)) 11... b5 12. Nce2 {Hoping for Nxd4.} Nec6 (12... e5 $1 $11 {keeps the balance.}) 13. c3 (13. Nxd4 $142 Nxd4 14. c3) 13... Nxe2 $16 14. Nxe2 {[#]} b4 $146 {[#]} ({Predecessor:} 14... Rb8 15. h4 c4 16. dxc4 bxc4 17. Rxd6 Ne5 18. Qg7 Rf8 19. Rhd1 Nd3 {½-½ (51) Mamoshin,V (2177)-Prikhodko,A (2070) Kineshma 2011}) 15. c4 (15. e5 $1 $16 {[%mdl 512]} d5 (15... Nxe5 16. Bxa8) 16. c4) 15... b3 16. a3 Nb4 $2 {[%mdl 8192]} (16... Bd7 $14) 17. Qd2 $2 ({Much less strong is} 17. axb4 Qa2+ 18. Kc1 Qa1+ 19. Kd2 Qxb2+ 20. Ke3 Qf6 $18) ({Better is} 17. Qg7 $18 Rf8 18. axb4 cxb4 19. Nc1 (19. Qxh7 $2 Qa2+ 20. Kc1 Qa1+ 21. Kd2 Qxb2+ 22. Ke3 Rh8 $19)) 17... Nc2 $2 {[%mdl 8192]} (17... e5 $14) 18. Qxa5 {Accuracy: White = 25%, Black = 27%.} 1-0

[Event "Stay Safe Play From Home 200"]
[Site "T#646566Emanuel Laske"]
[Date "2020.06.04"]
[Round "2"]
[White "Edmatuag"]
[Black "Lamborghini"]
[Result "0-1"]
[WhiteElo "1633"]
[BlackElo "2090"]
[Annotator "TA"]
[PlyCount "88"]
[EventDate "2020.06.04"]
[EventType "swiss (blitz)"]

{[%evp 9,88,10,11,-6,-12,-7,-1,-53,-14,-43,6,-43,-45,-112,-60,-68,-62,-64,-68,-66,-69,-102,-92,-168,-135,-208,-208,-212,-187,-203,-172,-184,-111,-129,-99,-118,-82,-88,-79,-108,-98,-108,-35,-53,-31,-86,-42,-146,-148,-143,-129,-141,-104,-289,-264,-334,-321,-371,-359,-418,-158,-400,-385,-370,-83,-100,-66,-389,-196,-768,-360,-359,-304,-300,-299,-299,-299,-2011,-2062,-1708,-1656]} 1. e4 c5 2. Nf3 d6 3. d3 Nc6 4. g3 e5 5. Bg2 Be7 6. Be3 {B50: Sicilian: 2...d6, Miscellaneous.} Nf6 7. Nc3 O-O {[#]} 8. Ne2 $146 (8. O-O $11) ({Predecessor:} 8. O-O h6 9. Qd2 Be6 10. Nh4 Nd4 11. Nd5 Nxd5 12. exd5 Bg4 13. Bxd4 cxd4 14. h3 {1-0 (51) Christensen,T (2355)-Kristensen,K (2244) Denmark 2008}) 8... b6 9. O-O Bb7 10. h3 d5 11. g4 (11. exd5 $15 Nxd5 12. Nc3) 11... d4 (11... dxe4 $17 12. dxe4 Nxe4) 12. Bg5 Nd7 $36 {[%mdl 2048] Black is pushing.} 13. Bd2 Re8 14. Ng3 Nf8 15. Nh2 Ng6 16. f4 (16. Nf3 $17) 16... exf4 17. Bxf4 (17. Nf5 $17 {might work better.}) 17... Nxf4 $19 18. Rxf4 Bd6 19. Rf3 g6 20. Ne2 Ne5 (20... Qc7 $19 21. Nf1 Ne5) 21. Rf1 Qc7 {Threatens to win with ...Nc4!} 22. Nf3 Re7 23. Nxe5 Bxe5 24. Rf3 Rae8 25. Qd2 Bc8 (25... c4 $17 26. Rf2 Qc5) 26. Raf1 a5 {[%cal Ba7a5,Ba5a4,Ba4b3][%mdl 32]} 27. Qe1 ({White should play} 27. Nf4 $15) 27... a4 28. Ng3 ({Better is} 28. g5 $15) 28... Be6 29. Ne2 b5 ({Resist} 29... Bxa2 30. Qa1 $17) 30. Qa1 b4 31. a3 $2 {[#]} (31. b3 $17) 31... b3 32. cxb3 axb3 (32... Bxb3 $2 33. Nc1 $19) 33. Qc1 c4 34. dxc4 Qxc4 $2 {[#]} (34... Bxc4 $19 35. Qd1 d3) 35. Qd2 $2 (35. Nf4 $17) 35... Qc2 36. Rd1 Qxd2 $2 (36... Rc8 $19 {has better winning chances. And now ...Qxd2 would win.} 37. Rd3 Bc4) 37. Rxd2 $17 Rc8 38. Rfd3 $2 {[%mdl 8192]} (38. Nxd4 $15 Rd7 39. Nxb3) 38... Rec7 ({Weaker is} 38... Bc4 39. Rf3 $19) (38... Rd7 $142 {White must now prevent ...Rc2.} 39. Kf2 Rc2) 39. Ng3 $2 (39. Nxd4 Rc1+ 40. Kf2) 39... Bxg3 (39... Rc2 $142 40. Nf1 Bc4 41. Rxd4 Bxd4+ 42. Rxd4 Bxf1 43. Bxf1 Rxb2) 40. Rxg3 $19 Rc2 41. Rgd3 Rxd2 42. Rxd2 Rc2 43. Rf2 $2 (43. Rxd4 Rxb2 44. Rb4) 43... d3 44. Bf3 d2 {Accuracy: White = 29%, Black = 44%.} 0-1

[Event "Stay Safe Play From Home 200"]
[Site "T#646566Emanuel Laske"]
[Date "2020.06.04"]
[Round "2"]
[White "Haris kollari 13"]
[Black "Little champs"]
[Result "1-0"]
[WhiteElo "1625"]
[BlackElo "2292"]
[Annotator "NA RC"]
[PlyCount "73"]
[EventDate "2020.06.04"]
[EventType "swiss (blitz)"]

1. e4 {[%emt 0:00:01]} c5 {[%emt 0:00:09]} 2. Nf3 {[%emt 0:00:00]} d6 {[%emt 0:00:00]} 3. d4 {[%emt 0:00:00]} cxd4 {[%emt 0:00:00]} 4. Nxd4 {[%emt 0:00:00]} Nf6 {[%emt 0:00:02]} 5. Nc3 {[%emt 0:00:00]} a6 {[%emt 0:00:00]} 6. f4 {[%emt 0:00:01]} e5 {[%emt 0:00:00]} 7. Nf3 {[%emt 0:00:02]} exf4 {[%emt 0:00:00]} 8. Bxf4 {[%emt 0:00:01]} Be7 {[%emt 0:00:00]} 9. Qd2 {[%emt 0:00:00]} O-O {[%emt 0:00:00]} 10. O-O-O {[%emt 0:00:00]} Nc6 {[%emt 0:00:00]} 11. Bxd6 {[%emt 0:00:01]} Bxd6 {[%emt 0:00:00]} 12. Qxd6 {[%emt 0:00:00]} Qa5 {[%emt 0:00:00]} 13. Kb1 {[%emt 0:00:03]} Bg4 {[%emt 0:00:01]} 14. Be2 {[%emt 0:00:01]} Rfd8 {[%emt 0:00:01]} 15. Qf4 {[%emt 0:00:02]} Bxf3 {[%emt 0:00:01]} 16. Bxf3 {[%emt 0:00:02]} b5 {[%emt 0:00:01]} 17. e5 {[%emt 0:00:01]} b4 {[%emt 0:00:02]} 18. Bxc6 {[%emt 0:00:02]} bxc3 {[%emt 0:00:01]} 19. Bxa8 {[%emt 0:00:01]} Rb8 {[%emt 0:00:05]} 20. b3 {[%emt 0:00:02]} Ne8 {[%emt 0:00:03]} 21. Bf3 {[%emt 0:00:02]} Nc7 {[%emt 0:00:02]} 22. Qc1 {[%emt 0:00:01]} Nb5 {[%emt 0:00:01]} 23. Rd5 {[%emt 0:00:02]} Na3+ {[%emt 0:00:02]} 24. Ka1 {[%emt 0:00:01]} Qb4 {[%emt 0:00:01]} 25. Rhd1 {[%emt 0:00:03]} h6 {[%emt 0:00:01]} 26. R1d4 {[%emt 0:00:01]} Rd8 {[%emt 0:00:00]} 27. Rxd8+ {[%emt 0:00:02]} Kh7 {[%emt 0:00:01]} 28. Rxb4 {[%emt 0:00:01]} Nb5 {[%emt 0:00:02]} 29. Rxb5 {[%emt 0:00:01]} axb5 {[%emt 0:00:01]} 30. Qe3 {[%emt 0:00:00]} g6 {[%emt 0:00:01]} 31. Qe4 {[%emt 0:00:01]} h5 {[%emt 0:00:01]} 32. e6 {[%emt 0:00:00]} fxe6 {[%emt 0:00:01]} 33. Qxe6 {[%emt 0:00:01]} Kh6 {[%emt 0:00:00]} 34. Rh8+ {[%emt 0:00:01]} Kg5 {[%emt 0:00:00]} 35. g3 {[%emt 0:00:01]} h4 {[%emt 0:00:01]} 36. Qe7+ {[%emt 0:00:01]} Kf5 {[%emt 0:00:01]} 37. Rf8# {[%emt 0:00:02] (Lag: Av=0.63s, max=1.2s)} 1-0

[Event "Stay Safe Play From Home 200"]
[Site "T#646566Emanuel Laske"]
[Date "2020.06.04"]
[Round "2"]
[White "Trotsky"]
[Black "Haxhi Baha"]
[Result "0-1"]
[WhiteElo "1588"]
[BlackElo "2012"]
[Annotator "TA"]
[PlyCount "58"]
[EventDate "2020.06.04"]
[EventType "swiss (blitz)"]

{[%evp 12,58,44,40,33,40,39,3,25,-54,-62,-78,-29,-46,107,-36,-46,-48,212,-182,68,57,71,-347,-338,-352,-339,-390,-152,-349,-337,-315,-47,-48,-38,-218,-200,-214,297,295,29989,348,29993,-116,-121,-121,-122,-214,-199]} 1. d4 d5 2. e3 e6 3. c4 Nf6 4. Nc3 c6 5. Nf3 a6 6. Qc2 dxc4 7. Bxc4 b5 {D45: Semi-Slav: 5 e3.} 8. Bd3 Bb7 9. Bd2 Nbd7 {The position is equal.} 10. e4 ({White should play} 10. Ne4 $11) 10... c5 $15 11. d5 exd5 12. exd5 Nxd5 $2 (12... Bd6 $15) 13. Be4 (13. Nxd5 $16 {aiming for Bg5.} Bxd5 14. O-O-O) 13... Nb4 $1 {[%cal Rb4c2]} 14. Qb1 Qe7 $2 {[%mdl 8192]} (14... Bxe4 $1 $15 {keeps the upper hand.} 15. Qxe4+ Qe7) 15. a3 $4 {[%mdl 8192]} (15. O-O $18 {was the only winning move.} O-O-O 16. Re1) 15... Bxe4 $2 (15... f5 $19 16. Bg5 Nf6 {[%mdl 64] Pin} 17. axb4 fxe4) 16. Nxe4 $14 Nc6 17. Qc2 $2 {[%mdl 8192]} (17. O-O $16) 17... f5 $19 {[%mdl 64] Pin} 18. O-O-O {Black must now prevent Neg5.} fxe4 19. Bg5 Qe6 $2 ({Weaker is} 19... exf3 20. Bxe7 Bxe7 21. Qe4 $11) (19... Nf6 $19 {Threatens to win with ...Kf7.} 20. Rhe1 Rd8 21. Rxd8+ Kxd8 22. Rxe4 Qd7) 20. Rde1 $2 (20. Rhe1 $17 {is the only way for White.} Nf6 21. Bxf6 gxf6 22. Rxe4) 20... Kf7 {...Re8 is the strong threat.} 21. Rxe4 Qd5 $2 (21... Qa2 $19 {Strongly threatening ...Nf6.} 22. Rd1 Nb6) 22. Rd1 $15 {[#]} Nd4 $1 23. Nxd4 $2 ({Better is} 23. Rexd4 $15 cxd4 24. Rxd4) 23... cxd4 $19 ({Inferior is} 23... Qxg5+ 24. f4 $11) 24. Rdxd4 Qc5 $4 {[%mdl 8192]} (24... Qxg5+ $19 {avoids the disaster.} 25. f4 Qc5 26. Rxd7+ Kf6) 25. Rxd7+ $18 Kg6 $2 (25... Kg8 $18) 26. h4 $2 (26. Rc4+ Qf5 27. Rc6+ Kxg5 {[#]} 28. h4+ $1 {[%mdl 512]} Kg4 29. Rd4+ Qf4+ 30. Rxf4+ Kxf4 31. Qd2+ Ke5 32. Qe3+ Kd5 33. Qe6+ Kd4 34. Qd7+ Bd6 35. Rxd6+ Ke5 36. Qe6+ Kf4 37. Rd4#) 26... h6 $2 (26... Qxc2+ $18 27. Kxc2 h6) 27. f4 $2 (27. Rc4+ {mates} Qf5 28. Rc6+ Bd6 29. Rdxd6+ Kh7 30. Qxf5+ Kg8 31. Rc7 hxg5 32. Qf7+ {[%mdl 64] Double Attack} Kh7 33. Qxg7#) 27... Qxc2+ $17 28. Kxc2 hxg5 29. hxg5 (29. fxg5 $17 Rc8+ 30. Kb3) 29... Rc8+ {Accuracy: White = 27%, Black = 35%.} 0-1

[Event "Stay Safe Play From Home 200"]
[Site "T#646566Emanuel Laske"]
[Date "2020.06.04"]
[Round "2"]
[White "Gibiz144"]
[Black "KLIND"]
[Result "0-1"]
[WhiteElo "1583"]
[BlackElo "1861"]
[Annotator "NA RC"]
[PlyCount "72"]
[EventDate "2020.06.04"]
[EventType "swiss (blitz)"]

1. d4 {[%emt 0:00:01]} d5 {[%emt 0:00:01]} 2. Bg5 {[%emt 0:00:01]} h6 {[%emt 0:00:01]} 3. Bh4 {[%emt 0:00:01]} Nf6 {[%emt 0:00:00]} 4. Bxf6 {[%emt 0:00:01]} exf6 {[%emt 0:00:00]} 5. e3 {[%emt 0:00:01]} Bd6 {[%emt 0:00:02]} 6. Bd3 {[%emt 0:00:01]} O-O {[%emt 0:00:00]} 7. c3 {[%emt 0:00:01]} Bg4 {[%emt 0:00:01]} 8. Qc2 {[%emt 0:00:01]} c6 {[%emt 0:00:00]} 9. Nd2 {[%emt 0:00:04]} Bd7 {[%emt 0:00:01]} 10. Ngf3 {[%emt 0:00:02]} Be6 {[%emt 0:00:01]} 11. h3 {[%emt 0:00:02]} Nd7 {[%emt 0:00:03]} 12. g4 {[%emt 0:00:01]} Re8 {[%emt 0:00:00]} 13. O-O-O {[%emt 0:00:02]} Nf8 {[%emt 0:00:00]} 14. Rdg1 {[%emt 0:00:02]} Bd7 {[%emt 0:00:01]} 15. h4 {[%emt 0:00:01]} Qc8 {[%emt 0:00:01]} 16. g5 {[%emt 0:00:01]} fxg5 {[%emt 0:00:01]} 17. hxg5 {[%emt 0:00:01]} hxg5 {[%emt 0:00:01]} 18. Rxg5 {[%emt 0:00:02]} g6 {[%emt 0:00:00]} 19. Bxg6 {[%emt 0:00:03]} fxg6 {[%emt 0:00:01]} 20. Rxg6+ {[%emt 0:00:01]} Kf7 {[%emt 0:00:04]} 21. Ng5+ {[%emt 0:00:03]} Ke7 {[%emt 0:00:03]} 22. Rg7+ {[%emt 0:00:01]} Kd8 {[%emt 0:00:00]} 23. Nf7+ {[%emt 0:00:02]} Kc7 {[%emt 0:00:01]} 24. Nxd6 {[%emt 0:00:01]} Kxd6 {[%emt 0:00:01]} 25. Rh6+ {[%emt 0:00:01]} Kc7 {[%emt 0:00:01]} 26. Qf5 {[%emt 0:00:02]} Ne6 {[%emt 0:00:04]} 27. Qf7 {[%emt 0:00:03]} Nxg7 {[%emt 0:00:02]} 28. Qxg7 {[%emt 0:00:01]} Rg8 {[%emt 0:00:01]} 29. Qe5+ {[%emt 0:00:03]} Kb6 {[%emt 0:00:02]} 30. c4 {[%emt 0:00:02]} Qc7 {[%emt 0:00:05]} 31. Qh5 {[%emt 0:00:02]} Ka6 {[%emt 0:00:00]} 32. cxd5 {[%emt 0:00:01]} Rg6 {[%emt 0:00:04]} 33. Rxg6 {[%emt 0:00:02]} Qb6 {[%emt 0:00:00]} 34. Kb1 {[%emt 0:00:02]} Rf8 {[%emt 0:00:02]} 35. Nc4 {[%emt 0:00:02]} Qb4 {[%emt 0:00:01]} 36. dxc6 {[%emt 0:00:01]} Bxc6 {[%emt 0:00:03] Zeit (Lag: Av=0.43s, max=1.1s)} 0-1

[Event "Stay Safe Play From Home 200"]
[Site "T#646566Emanuel Laske"]
[Date "2020.06.04"]
[Round "3"]
[White "Broken sword"]
[Black "Weltszmerc"]
[Result "1-0"]
[WhiteElo "2444"]
[BlackElo "2114"]
[Annotator "TA"]
[PlyCount "101"]
[EventDate "2020.06.04"]
[EventType "swiss (blitz)"]

{[%evp 9,101,53,55,37,43,27,20,10,29,18,24,0,12,12,2,0,7,21,85,85,97,80,116,25,27,-164,34,21,118,-63,100,-89,92,83,64,72,133,-8,43,0,0,-22,37,32,31,24,73,-4,47,35,181,56,239,78,75,73,141,27,27,17,36,59,229,-8,-8,-103,-8,-8,-10,-52,-5,-4,-4,-30,-32,-44,-16,-22,-18,-18,-10,-109,-91,-89,-91,-1158,-579,-564,-545,-507,-244,-239,-238,-231]} 1. e4 Nf6 2. e5 Nd5 3. d4 Nb6 4. Nf3 d6 5. exd6 cxd6 6. h3 {B04: Alekhine's Defence: 4 Nf3.} g6 7. Bd3 Bg7 8. c3 {The position is equal.} O-O 9. O-O Nc6 10. Bg5 f6 11. Bh4 e5 {[#]} 12. Nbd2 $146 ({Predecessor:} 12. Re1 Re8 13. Nfd2 Be6 14. Nf1 Qd7 15. Ne3 Bf7 16. Bf1 e4 17. Nd2 g5 18. Bg3 {0-1 (48) Semina,S (2185)-Karolyi,T (2390) Dortmund 1991}) 12... g5 13. Bg3 $36 {[%mdl 2048] White fights for an advantage.} h5 (13... f5 $11) 14. Bc2 h4 15. Bh2 d5 16. dxe5 (16. a4 $16) 16... fxe5 $11 17. Nb3 $2 (17. Re1 $11) 17... e4 $2 (17... g4 $1 $19 {[%cal Rg4f3]} 18. Nfd2 gxh3) 18. Nfd4 $14 Ne5 (18... Nc4 $11) 19. Qd2 $2 (19. f3 $16) 19... Qf6 $2 (19... g4 $15 {keeps the upper hand.} 20. Bxe5 Bxe5 21. hxg4 Bxg4) 20. Rab1 $2 (20. f3 $1 $16 {keeps the pressure on.}) 20... Bd7 $2 (20... g4 $17 21. Bxe5 Qxe5 22. hxg4 Nc4) 21. Nc5 $16 Nbc4 22. Qe2 Bc6 (22... Qe7 $142 23. b4 b6 24. Bxe5 Nxe5 25. Nxd7 Qxd7) 23. Ncb3 ({White should play} 23. Nce6 $16) 23... Bd7 ({Black should try} 23... Rae8 $11) 24. Nd2 (24. Bxe5 $5 Qxe5 25. Nc5 $11) 24... Nxd2 25. Qxd2 Rac8 (25... Nc4 $11 26. Qd1 Rac8) 26. Bb3 $14 Nc4 27. Bxc4 dxc4 28. Qe3 (28. Rbe1 $16) 28... Rfe8 (28... Rce8 $11) 29. Rbd1 Bc6 (29... Ba4 $14) 30. Rfe1 (30. Nxc6 $18 Rxc6 31. Qxa7) 30... b5 $2 ({Better is} 30... Ba4 $14) 31. Rd2 $2 (31. Nxc6 $18 {and the rest is easy.} Rxc6 32. Rd5 (32. Qxa7 Qe6 $16)) 31... a6 $16 32. Red1 Bb7 (32... Bh6 $142) 33. Ne2 (33. Nc2 $1 $16) 33... Rcd8 {next ...Rd3 is good for Black.} 34. Rd6 Rxd6 35. Rxd6 Qe7 $2 (35... Rd8 $14 36. Be5 Qe7 37. Rxd8+ Qxd8 38. Bxg7 Kxg7) 36. Qd2 $2 (36. Nd4 $1 $18 {[%cal Rd4f5] Strongly threatening Nf5.} Qf7 37. Qxg5) 36... e3 $11 37. fxe3 {[#]} (37. Qxe3 $11 {was the only way to keep the balance.} Qxe3 38. fxe3) 37... Qxe3+ (37... Qe4 $1 $17 {[%csl Gb7][%cal Re4g2][%mdl 512]} 38. Nc1 Bf8) 38. Qxe3 Rxe3 39. Kf2 Re7 40. Nd4 Bxd4+ 41. cxd4 {[%mdl 4096] Endgame KRB-KRB} b4 42. Rd8+ Kf7 43. d5 {d6 is the strong threat.} c3 44. bxc3 $1 bxc3 45. d6 {[#]} (45. Bd6 $11) 45... c2 $1 $17 {[%cal Rc2c1]} 46. dxe7 Kxe7 47. Rb8 $2 {[%mdl 8192]} (47. Bd6+ $17 Kxd8 48. Ba3) 47... c1=Q {( -> ...Qd2+)} 48. Rxb7+ Ke6 49. Rb6+ Kd5 (49... Kf5 $142 50. Rb3 Qd2+ 51. Kf1 Qxa2) 50. Rd6+ $19 Kc5 {Threatens to win with ...Qb2+.} 51. Re6 {[%mdl 32768] Never resign too early! Accuracy: White = 47%, Black = 36%. . Loss on time!?} 1-0